000 00686nam a2200217Ia 4500
003 GCL
008 140319s9999 xx 000 0 ara d
040 _aGCL /
_cGCL
082 0 4 _a922.76901
_bن ث
100 1 _aليفسكايا، نينابيغو
245 1 0 _aثقافة السريان فى القرون الوسطى /
_cليفسكايا، نينابيغو
700 1 _aخلف الجراد
300 _a368 ص
490 _aالهيئة العامة للاستعلامات
_v0
650 0 4 _aالتراث
650 0 4 _aالحضارة
650 0 4 _aالثقافة الاسلامية
650 0 4 _aالثقافة
650 0 4 _aالثقافة - تاريخ
942 _2ddc
_cBK
999 _c47902
_d47902